Les 100 plus grands fleuves et cours d'eau - Statistiques

Statistiques générales
  • Ce quiz a été pris 1 612 fois
    1 582 depuis la dernière actualisation
  • Le résultat moyen est 30 sur 100
Statistiques - réponses
# Longueur (en km) Nom % Correct
1 6853 Nil
95%
2 6400 Amazone
94%
4 6275 Mississippi
88%
25 3020 Danube
87%
18 3645 Volga
76%
40 2510 Gange
73%
8 4700 Congo
72%
16 4090 Missouri
66%
15 4184 Niger
66%
9 4444 Amour
64%
11 4350 Mékong
63%
65 1950 Tigre
62%
6 5464 Huang He (Fleuve jaune)
61%
3 6380 Yangzi Jiang (Fleuve bleu)
60%
53 2333 Colorado
58%
24 3057 Rio Grande
55%
23 3058 Saint-Laurent
53%
32 2693 Zambèze
53%
7 5410 Ob
51%
21 3180 Indus
46%
49 2287 Dniepr
43%
10 4400 Léna
43%
79 1641 Sénégal
42%
5 5539 Ienisseï
41%
29 2948 Brahmapoutre
40%
82 1600 Nil Bleu
39%
20 3184 Yukon
38%
58 2102 Ohio
36%
17 3998 Paraná
36%
13 4241 Mackenzie
35%
62 2092 Orange
35%
70 1870 Don
33%
46 2348 Arkansas
31%
30 2844 Murray
30%
59 2101 Orénoque
30%
38 2549 Paraguay
30%
81 1610 Uruguay
30%
43 2428 Oural
28%
95 1500 Oka
25%
54 2200 Rivière des Perles
25%
26 3019 Syr-Daria
24%
36 2580 Amou-Daria
23%
52 2250 Columbia
22%
56 2170 Irrawaddy
22%
74 1800 Limpopo
22%
51 2250 Negro
22%
85 1600 Okavango
22%
86 1600 Volta
22%
14 4207 Madeira
21%
22 3180 São Francisco
21%
12 4248 Irtych
20%
35 2600 Tocantins
20%
98 1438 Grande
19%
47 2300 Oubangui
19%
78 1670 Snake
19%
90 1580 Jubba
17%
57 2153 Kasaï
17%
39 2513 Kolyma
17%
92 1558 Magdalena
17%
37 2570 Nelson
17%
88 1594 Platte
17%
61 2100 Xingu
17%
75 1779 Angara
16%
28 2970 Chatt-el-Arab
16%
67 1923 Paix
16%
72 1809 Petchora
16%
19 3379 Purus
16%
55 2188 Rouge du Sud
16%
44 2420 Caquetá
15%
100 1420 Cooper
15%
77 1726 Indiguirka
15%
73 1805 Kama
15%
41 2500 Pilcomayo
15%
66 1927 Songhua
15%
68 1900 Tapajós
15%
27 2989 Toungouska Inférieure
15%
50 2273 Aldan
14%
34 2627 Araguaia
14%
87 1599 Beni
14%
83 1600 Churchill
14%
97 1465 Godavari
14%
84 1600 Khatanga
14%
31 2815 Saoulen
14%
60 2100 Tarim
14%
71 1865 Toungouska Pierreuse
14%
99 1420 Belaïa
13%
93 1532 Han
13%
63 2010 Salado del Norte
13%
33 2650 Viliouï
13%
42 2450 Ichim
12%
94 1500 Lomami
12%
91 1575 Putumayo
12%
45 2410 Juruá
11%
69 1900 Mamoré
11%
48 2292 Oleniok
11%
96 1490 Pecos
11%
76 1749 Guaporé
10%
89 1591 Tobol
10%
80 1620 Argoun
9%
64 1978 Vitim
9%
Aucun quiz correspondant
Distribution des résultats
% des personnes avec chaque résultat
Percentile par nombre de réponses
Votre historique - résultats
Vous n’avez pas pris ce quiz depuis la dernière actualisation